000 00379nam a2200181Ia 4500
003 0STCL
008 150530s9999 xx 000 0 und d
040 _aSTCL
_cSTCL
100 _aBalakrishnan Nair T P
245 _aBhaja Govindam
250 _a2
260 _c1977
300 _a48
546 _aMalayalam
942 _2ddc
_cBK
999 _c4237
_d4237
005 20220125165348.0